[Event "SWE-chT 1819 Elite"]
[Site "Sweden"]
[Date "2018.11.10"]
[Round "2.3"]
[White "Drugge, Patrick"]
[Black "Johansson, David R"]
[Result "1-0"]
[WhiteElo "2198"]
[BlackElo "2132"]
[PlyCount "69"]
[EventDate "2018.11.09"]
[EventType "team-tourn"]
[EventRounds "9"]
[EventCountry "SWE"]
[SourceTitle "CBM 187 Extra"]
[Source "ChessBase"]
[SourceDate "2018.11.04"]
[SourceVersion "1"]
[SourceVersionDate "2018.11.04"]
[SourceQuality "1"]
[WhiteTeam "Norrkoping Schack 08"]
[BlackTeam "Umea Rockaden"]
[WhiteTeamCountry "SWE"]
[BlackTeamCountry "SWE"]

1. e4 e6 2. d4 d5 3. exd5 exd5 4. Nf3 Bg4 5. h3 Bh5 6. Qe2+ Qe7 7. Be3 Nc6 8. Nc3 0-0-0 9. 0-0-0 f6 10. g4 Bf7 11. Qd2 Qd7 12. Bb5 a6 13. Ba4 Nge7 14. Ne1 Kb8 15. Nd3 Nc8 16. Nc5 Bxc5 17. dxc5 h5 18. g5 N8e7 19. gxf6 gxf6 20. Ne2 Be6 21. Nd4 Bxh3 22. Nxc6+ Nxc6 23. Bxc6 bxc6 24. Qa5 Bg4 25. Bf4 Bxd1 26. Qb6+ Ka8 27. Qxa6+ Kb8 28. Qb6+ Kc8 29. Qa6+ Kb8 30. Rh3 Qxh3 31. Qb6+ Ka8 32. Qxc6+ Ka7 33. Qxc7+ Ka8 34. Qc6+ Ka7 35. Qb6+ 1-0

[Event "SWE-chT 1718 Superettan"]
[Site "Sweden"]
[Date "2018.03.16"]
[Round "7.1"]
[White "Outgajjouft, Said"]
[Black "Johansson, David R"]
[Result "1-0"]
[WhiteElo "2024"]
[BlackElo "2104"]
[PlyCount "91"]
[EventDate "2017.10.20"]
[EventType "team-tourn"]
[EventRounds "9"]
[EventCountry "SWE"]
[SourceTitle "EXT 2019"]
[Source "ChessBase"]
[SourceDate "2018.10.10"]
[SourceVersion "1"]
[SourceVersionDate "2018.10.10"]
[SourceQuality "1"]
[WhiteTeam "Manhem"]
[BlackTeam "Umea Rockaden"]
[WhiteTeamCountry "SWE"]
[BlackTeamCountry "SWE"]

1. e4 e6 2. d4 d5 3. exd5 exd5 4. Bd3 c5 5. dxc5 Bxc5 6. Nf3 Bg4 7. 0-0 Nc6 8. Bg5 Nge7 9. Nbd2 Qd7 10. c3 f6 11. Bf4 g5 12. Be3 Bd6 13. Qa4 h5 14. Nd4 h4 15. f3 Bh5 16. Rfe1 Rd8 17. Bf2 Kf7 18. Qc2 Ne5 19. Nf5 Bb8 20. Nxe7 Qxe7 21. Bf5 Qd6 22. Nf1 Rhg8 23. Bd4 Rde8 24. Qa4 Re7 25. Bxa7 Bc7 26. Bf2 Rge8 27. Qc2 Bxf3 28. Rxe5 Rxe5 29. gxf3 Re2 30. Qd3 Kg7 31. Bh7 Kh8 32. Bg6 R8e7 33. b4 Rb2 34. Re1 Rxe1 35. Bxe1 Bb6+ 36. Kh1 Qe5 37. Bd2 Rxa2 38. Bf7 Ra1 39. Kg2 Bc7 40. Qg6 Qe2+ 41. Kh3 Qxf1+ 42. Kg4 f5+ 43. Kh5 Qxf3+ 44. Kh6 Ra6 45. Be6 Rxe6 46. Qxe6 1-0

[Event "SWE-chT 1617"]
[Site "Sweden"]
[Date "2017.03.04"]
[Round "6.5"]
[White "Andersson, Fredrik1111"]
[Black "Johansson, David R"]
[Result "1-0"]
[WhiteElo "2279"]
[BlackElo "2105"]
[PlyCount "64"]
[EventDate "2016.10.14"]
[EventType "team-tourn"]
[EventRounds "9"]
[EventCountry "SWE"]
[SourceTitle "CBM 177 Extra"]
[Source "ChessBase"]
[SourceDate "2017.04.27"]
[SourceVersion "1"]
[SourceVersionDate "2017.04.27"]
[SourceQuality "1"]
[WhiteTeam "Kungstornet"]
[BlackTeam "Umea Rockaden"]
[WhiteTeamCountry "SWE"]
[BlackTeamCountry "SWE"]

1. d4 e6 2. c4 Nf6 3. Nf3 c5 4. d5 exd5 5. cxd5 d6 6. Nc3 g6 7. h3 Bg7 8. e4 0-0 9. Bd3 Nh5 10. Bg5 Bf6 11. Be3 a6 12. a4 Nd7 13. Be2 Qe7 14. Nd2 Bd4 15. Bxh5 Bxe3 16. fxe3 Qh4+ 17. g3 Qxg3+ 18. Ke2 Qg2+ 19. Kd3 Ne5+ 20. Kc2 Bxh3 21. Qg1 Nc4 22. Qxg2 Nxe3+ 23. Kd3 Nxg2 24. Ne2 gxh5 25. Rxh3 Kh8 26. Rxh5 Rg8 27. Rah1 Rg7 28. Nc4 b5 29. Nxd6 f6 30. Nf5 Rd7 31. a5 Rg8 32. R1h2 Rg6 1-0

[Event "Deltalift op"]
[Site "Tylosand"]
[Date "2016.05.05"]
[Round "4"]
[White "Carlsson, Ludvig"]
[Black "Johansson, David R"]
[Result "0-1"]
[WhiteElo "1924"]
[BlackElo "2118"]
[PlyCount "142"]
[EventDate "2016.05.05"]
[EventType "swiss"]
[EventRounds "8"]
[EventCountry "SWE"]
[SourceTitle "CBM 172 Extra"]
[Source "ChessBase"]
[SourceDate "2016.06.21"]
[SourceVersion "1"]
[SourceVersionDate "2016.06.21"]
[SourceQuality "1"]

1. c4 Nf6 2. g3 e5 3. Nc3 Bb4 4. Bg2 0-0 5. Nf3 Re8 6. 0-0 e4 7. Nd4 Nc6 8. Nxc6 dxc6 9. Qc2 Bf5 10. a3 Bf8 11. f3 exf3 12. Qxf5 fxg2 13. Kxg2 Qd6 14. d3 Re5 15. Qf3 Qd7 16. h3 Rae8 17. Bf4 R5e6 18. Rae1 a5 19. g4 h6 20. Qg3 Bd6 21. Bxd6 cxd6 22. Rf5 Re3 23. Qf4 R3e5 24. Rxe5 Rxe5 25. e4 Re8 26. Rf1 Qe6 27. Ne2 Qe5 28. Qxe5 dxe5 29. Rf5 Nd7 30. Kf2 g6 31. Rf3 a4 32. Ke3 Nc5 33. Nc1 Kf8 34. h4 Ke7 35. Kf2 Rd8 36. h5 gxh5 37. gxh5 Rg8 38. Rg3 Rxg3 39. Kxg3 Kf6 40. Kh4 b6 41. Kg4 Ke6 42. Ne2 Nxd3 43. Ng3 Nxb2 44. Nf5 Nxc4 45. Nxh6 Kf6 46. Ng8+ Kg7 47. Ne7 Nxa3 48. Nxc6 Nc4 49. Kg5 a3 50. Nb4 Nd6 51. h6+ Kh7 52. Kf6 Nxe4+ 53. Kxf7 Nc3 54. Kf6 e4 55. Ke5 e3 56. Kd4 e2 57. Nc2 a2 58. Kxc3 a1Q+ 59. Nxa1 e1Q+ 60. Kb2 Kxh6 61. Nc2 Qd2 62. Kb3 Kg5 63. Na3 Kf5 64. Ka4 Qa5+ 65. Kb3 Ke4 66. Nc4 Qb5+ 67. Kc3 Qc5 68. Kb3 b5 69. Nd2+ Kd3 70. Nb1 Qc2+ 71. Ka3 b4+ 0-1

[Event "SWE-chT 1516 Superettan"]
[Site "Sweden"]
[Date "2016.01.16"]
[Round "4"]
[White "Johansson, David R"]
[Black "Kimari, Patrik"]
[Result "1-0"]
[WhiteElo "2140"]
[BlackElo "2093"]
[PlyCount "75"]
[EventDate "2015.11.06"]
[EventType "team-tourn"]
[EventRounds "9"]
[EventCountry "SWE"]
[SourceTitle "EXT 2018"]
[Source "ChessBase"]
[SourceDate "2017.10.13"]
[SourceVersion "1"]
[SourceVersionDate "2017.10.13"]
[SourceQuality "1"]
[WhiteTeam "Umea Rockaden"]
[BlackTeam "Vasteras II"]
[WhiteTeamCountry "SWE"]
[BlackTeamCountry "SWE"]

1. e4 c5 2. c3 d5 3. exd5 Qxd5 4. d4 Nc6 5. Nf3 Bg4 6. Be2 cxd4 7. cxd4 e5 8. Nc3 Bb4 9. 0-0 Bxc3 10. bxc3 exd4 11. cxd4 Nge7 12. Ba3 0-0 13. h3 Bh5 14. Re1 Rfe8 15. Rb1 Qxa2 16. Qa4 Bxf3 17. Bxf3 Nxd4 18. Rxb7 Nec6 19. Rxe8+ Rxe8 20. Bxc6 Ne2+ 21. Kh2 Qa1 22. h4 h5 23. Bd6 Qg1+ 24. Kh3 Qh1+ 25. Bh2 Ng1+ 26. Kg3 Ne2+ 27. Kf3 Re6 28. Rb8+ Kh7 29. Be4+ g6 30. Kxe2 Qxg2 31. Re8 Qg4+ 32. Kd3 Rb6 33. Be5 f6 34. Re7+ Kh6 35. Bd4 Rb1 36. Be3+ g5 37. hxg5+ fxg5 38. Qc6+ 1-0